00344nam a22001097a 4500020001500000040000900015082001900024100001800043245006800061260003700129650006800166 a8121901626 cNust a621.20424bKHU a R.S. Khurmi  aA textbook of Hydraulics Fluid Mechanics and hydraulic machines aNew Delhi:bS Chand & Co,c1994. aA textbook of Hydraulics Fluid Mechanics and hydraulic machines